00752nam a2200205 a 450000100100000000500170001000800410002702000150006804000250008308200160010810000280012424000690015224500710022126000460029230000290033850000270036750000210039495201140041599900170052900003678220200930075931.0120131s1981 sp 001 0 spa d a8472900290 aDO-SdBNPbspacBNPHU axxxxbF853m1 aFreedman, George96311810aA handbook for the technical and scientific secretarylEspañol10aManual de secretariado cientifico y técnico. /cGeorge Freedman. aBarcelona :bEdiciones Bellaterra,c1981. a260 p. :bils. ;c24 cm. aTraducido del inglés aIncluye índice 001050718MOaGRbGRcCTd2012-01-31iLF1l0oxxxx F853mp36782-10r2020-06-25w2020-06-25y1ZNo se presta c36273d36273